|
|
|
|
| LEADER |
01156nam a2200241 i 4500 |
| 003 |
GR-PaULI |
| 005 |
20231020125847.0 |
| 008 |
170728b1997 gr ||||g |||| 00| 1 gr d |
| 952 |
|
|
|0 0
|1 0
|2 ddc
|4 0
|6 813_540000000000000_ROT
|7 0
|9 214393
|a LISP
|b LISP
|c DON
|d 2017-07-28
|e ΒΑΛ
|i 126543
|l 0
|o 813.54 ROT
|p 025000244608
|r 2017-07-28 00:00:00
|t 1
|v 2017.00
|w 2017-07-28
|y BK15
|
| 999 |
|
|
|c 130275
|d 130275
|
| 020 |
|
|
|a 9607478711
|
| 040 |
|
|
|a GR-PaULI
|b gre
|c GR-PaULI
|e AACR2
|
| 041 |
1 |
|
|a gre
|k eng
|
| 082 |
0 |
4 |
|2 23
|a 813.54
|
| 100 |
1 |
|
|9 6741
|a Roth, Philip,
|d 1933-2018
|e συγγραφέας
|
| 245 |
1 |
0 |
|a Αμερικανικό ειδύλλιο /
|c Φίλιπ Ροθ ; μετάφραση Τρισεύγενη Παπαϊωάννου ; επίμετρο Σώτη Τριανταφύλλου.
|
| 260 |
|
|
|a Αθήνα :
|b Πόλις,
|c 1997.
|
| 300 |
|
|
|a 564 σ. ;
|b 21 εκ.
|
| 700 |
1 |
|
|a Παπαϊωάννου, Τρισεύγενη
|e μεταφραστής
|9 20965
|
| 700 |
1 |
|
|a Τριανταφύλλου, Σώτη,
|d 1957-
|e συγγραφέας επιλόγου
|9 6742
|
| 765 |
0 |
8 |
|i Μετάφραση του:
|t American pastoral
|
| 942 |
|
|
|2 ddc
|c BK15
|
| 998 |
|
|
|c ΣΑΤΛΑΝΗΣ
|d 2017-07
|